L'économie de l'amitié dans la seconde partie des Confessions de J.-J.Rousseau : étude d'un dysfonctionnement du système du don (notice n° 1653871)
[ vue normale ]
| 000 -LEADER | |
|---|---|
| fixed length control field | 01552cam a2200157 4500500 |
| 005 - DATE AND TIME OF LATEST TRANSACTION | |
| control field | 20260208005816.0 |
| 041 ## - LANGUAGE CODE | |
| Language code of text/sound track or separate title | fre |
| 042 ## - AUTHENTICATION CODE | |
| Authentication code | dc |
| 100 10 - MAIN ENTRY--PERSONAL NAME | |
| Personal name | Magnot-Ogilvy, Florence |
| Relator term | author |
| 245 00 - TITLE STATEMENT | |
| Title | L'économie de l'amitié dans la seconde partie des Confessions de J.-J.Rousseau : étude d'un dysfonctionnement du système du don |
| 260 ## - PUBLICATION, DISTRIBUTION, ETC. | |
| Date of publication, distribution, etc. | 2005.<br/> |
| 500 ## - GENERAL NOTE | |
| General note | 14 |
| 520 ## - SUMMARY, ETC. | |
| Summary, etc. | L’article examine les relations entre le discours moral et le discours économique dans la seconde partie des Confessions pour mettre en évidence le schéma marchand que met en œuvre Rousseau pour dire l’amitié.Au-delà d’un usage métaphorique du discours économique, c’est la relation économique elle-même qui apparaît comme une solution possible au problème douloureux de trouver une relation amicale satisfaisante.Il ressort de l’analyse conjointe des vocabulaires économique et moral que le texte des Confessions témoigne d’un refus radical du déséquilibre et de l’indétermination impliqués par la situation de dette en affirmant une exigence de symétrie entre les deux partenaires de la relation. La tentative de replier le don amical sur un rapport marchand à somme nulle se solde cependant par un échec, le marché étant lui aussi marqué par une part d’indétermination et d’obscurité. |
| 786 0# - DATA SOURCE ENTRY | |
| Note | Revue d'histoire littéraire de la France | 105 | 2 | 2005-03-01 | p. 353-368 | 0035-2411 |
| 856 41 - ELECTRONIC LOCATION AND ACCESS | |
| Uniform Resource Identifier | <a href="https://shs.cairn.info/revue-d-histoire-litteraire-de-la-france-2005-2-page-353?lang=fr&redirect-ssocas=7080">https://shs.cairn.info/revue-d-histoire-litteraire-de-la-france-2005-2-page-353?lang=fr&redirect-ssocas=7080</a> |
Pas d'exemplaire disponible.




Réseaux sociaux